AP Exam Novels Per Letter Quiz Stats

Quiz Updated May 17, 2017

Challenge
Share
Tweet
Embed
Score 0/24 Timer 06:00
0 Plays Today
Letter Work % Correct
MMoby-Dick
82.8%
OOthello
80.4%
WWuthering Heights
77.4%
GGreat Expectations
72.5%
AThe Adventures of Huckleberry Finn
70.8%
JJane Eyre
67.6%
KKing Lear
67.6%
SThe Scarlet Letter
66.8%
CCrime and Punishment
66%
FFrankenstein
64.6%
HHeart of Darkness
55.4%
DDeath of a Salesman
53.9%
Letter Work % Correct
UUncle Tom's Cabin
50.8%
IInvisible Man
36.7%
PPortrait of the Artist as a Young Man
26.9%
BBeloved
24.2%
TTheir Eyes Were Watching God
24%
EEthan Frome
21.1%
RA Raisin in the Sun
20.4%
NNative Son
16.2%
LLight in August
14.1%
ZThe Zoo Story
8.3%
VVictory, The Vicar of Wakefield, Volpone
6.4%
YA Yellow Raft in Blue Water
4.6%

You're not logged in!

Compare scores with friends on all Sporcle quizzes.
Sign Up with Email
OR
Log In

You Might Also Like...

Show Comments

Extras

Top Quizzes Today


Score Distribution

Your Account Isn't Verified!

In order to create a playlist on Sporcle, you need to verify the email address you used during registration. Go to your Sporcle Settings to finish the process.